1998 pocket book of infectious disease therapy
This guide covers relevant aspects of antibiotics. Information is included on dosage, trade names, price, side effects, interactions, use in pregnancy, and renal failure. Management guidelines are given by organ system and disease category.
Đã lưu trong:
| 主要作者: | |
|---|---|
| 格式: | 圖書 |
| 語言: | Undetermined |
| 出版: |
Baltimore
Williams & Wilkins
1998
|
| 主題: | |
| 標簽: |
添加標簽
沒有標簽, 成為第一個標記此記錄!
|
| Thư viện lưu trữ: | Trung tâm Học liệu Trường Đại học Cần Thơ |
|---|
| LEADER | 00886nam a2200205Ia 4500 | ||
|---|---|---|---|
| 001 | CTU_187017 | ||
| 008 | 210402s9999 xx 000 0 und d | ||
| 082 | |a 615.58 | ||
| 082 | |b B289 | ||
| 100 | |a Bartlett, John G. | ||
| 245 | 0 | |a 1998 pocket book of infectious disease therapy | |
| 245 | 0 | |c John G. Bartlett | |
| 260 | |a Baltimore | ||
| 260 | |b Williams & Wilkins | ||
| 260 | |c 1998 | ||
| 520 | |a This guide covers relevant aspects of antibiotics. Information is included on dosage, trade names, price, side effects, interactions, use in pregnancy, and renal failure. Management guidelines are given by organ system and disease category. | ||
| 650 | |a Anti-infective agents,Chất chống nhiễm trùng | ||
| 650 | |x Handbooks, manuals, etc.,Sổ tay, hướng dẫn sử dụng, vv | ||
| 910 | |a Hải | ||
| 980 | |a Trung tâm Học liệu Trường Đại học Cần Thơ | ||